Teoría monetaria, inflación y tasas de interés (Registro nro. 5446)
[ vista simple ]
| 000 -LEADER | |
|---|---|
| fixed length control field | 01157 a2200193 4500 |
| 001 - CONTROL NUMBER | |
| control field | 54277 |
| 005 - DATE AND TIME OF LATEST TRANSACTION | |
| control field | 20260407155814.0 |
| 008 - FIXED-LENGTH DATA ELEMENTS--GENERAL INFORMATION | |
| fixed length control field | 260407a1978 arg spa d |
| 003 - CONTROL NUMBER IDENTIFIER | |
| control field | AR-UNSa-BCEJYS |
| 040 ## - CATALOGING SOURCE | |
| Original cataloging agency | AR-UNSa-BCEJYS |
| Language of cataloging | spa |
| Transcribing agency | AR-UNSa-BCEJYS |
| 080 ## - UNIVERSAL DECIMAL CLASSIFICATION NUMBER | |
| Universal Decimal Classification number | 336.74 |
| Common auxiliary subdivision | Moneda. Sistema monetario |
| 100 1# - MAIN ENTRY--PERSONAL NAME | |
| Personal name | Ribas, Armando P. |
| 245 10 - TITLE STATEMENT | |
| Title | Teoría monetaria, inflación y tasas de interés |
| 264 #1 - PRODUCTION, PUBLICATION, DISTRIBUTION, MANUFACTURE, AND COPYRIGHT NOTICE | |
| Place of production, publication, distribution, manufacture | Buenos Aires : |
| Name of producer, publisher, distributor, manufacturer | El Ateneo |
| Date of production, publication, distribution, manufacture, or copyright notice | 1978 |
| 300 ## - PHYSICAL DESCRIPTION | |
| Extent | 176 p. |
| Dimensions | 19 cm. |
| 505 ## - FORMATTED CONTENTS NOTE | |
| Formatted contents note | 1. Introducción – 2. Teoría y política monetaria – 3. La inflación y los saldos monetarios – 4. El sector real y el financiero – 5. Los efectos de la política monetaria sobre la tasa de interés – 6. La inflación, el interés y el consumo – 7. Las empresas y la inflación – 8. El sistema bancario y la inflación – 9. Las tasas de intereses en los mercados internacionales y el mercado Argentino – 10. La deuda pública y sus efectos sobre la oferta monetaria y el balance de pagos – 11. La política monetaria Argentina (1965-1970) – 12. La institucionalización de la estabilidad. |
| 590 ## - LOCAL NOTE (RLIN) | |
| Local note | niveau_biblio:m niveau_hierar:0 |
| 942 ## - ADDED ENTRY ELEMENTS (KOHA) | |
| Koha item type | |
| Withdrawn status | Lost status | Damaged status | Not for loan | Home library | Current library | Shelving location | Date acquired | Total checkouts | Full call number | Barcode | Date last seen | Price effective from | Koha item type |
|---|---|---|---|---|---|---|---|---|---|---|---|---|---|
| Biblioteca Prof. Eusebio Cleto del Rey | Biblioteca Prof. Eusebio Cleto del Rey | 07/04/2026 | 336.74 R482 | L33169 | 07/04/2026 | 07/04/2026 | Libro |